Načítá se...

Ethraethra raamaayanangal /

Podrobná bibliografie
Hlavní autor: Sreedharan, Iyyenkode
Médium: Printed Book
Jazyk:Malayalam
Vydáno: Kozhikode : Spring Books , 2002.
LEADER 00515nam a2200145Ia 4500
008 150624b xxu||||| |||| 00| | mal d
082 |a 915.9304 
100 |a Sreedharan, Iyyenkode 
245 |c Iyyenkode Sreedharan  |a Ethraethra raamaayanangal / 
260 |a Kozhikode :  |b Spring Books ,  |c 2002. 
300 |a 120 p. 
546 |a In Malayalam. 
942 |c BK 
999 |c 84300  |d 84300 
952 |0 0  |1 0  |4 0  |6 915_930400000000000_SRE_E  |7 0  |9 84244  |a UL  |b UL  |c ST1  |d 2003-04-03  |e CB   |l 0  |o 915.9304 SRE/E  |p 76410  |r 2012-10-27  |v 60.00  |w 2012-10-27  |y BK